[Event "Teplice op 4th"]
[Site "Teplice"]
[Date "2009.06.21"]
[Round "9"]
[White "Steinhauser, Frantisek"]
[Black "Straka, Jozef1"]
[Result "0-1"]
[WhiteElo "1987"]
[BlackElo "2216"]
[PlyCount "56"]
[EventDate "2009.06.13"]
[EventType "swiss"]
[EventRounds "9"]
[EventCountry "CZE"]
[SourceTitle "CBM 130 Extra"]
[Source "ChessBase"]
[SourceDate "2009.07.02"]
[SourceVersion "2"]
[SourceVersionDate "2009.07.15"]
[SourceQuality "1"]

1. e4 c5 2. Nc3 d6 3. d3 Nc6 4. Be3 e6 5. g3 Nf6 6. Bg2 Be7 7. Nge2 0-0 8. 0-0 a6 9. d4 cxd4 10. Nxd4 Ne5 11. Kh1 Qc7 12. Qe2 Nc4 13. Bc1 e5 14. Nf3 b5 15. Rd1 Bb7 16. Nd2 Nb6 17. Nf1 Rac8 18. Bh3 Rcd8 19. a3 d5 20. exd5 Nfxd5 21. Nxd5 Bxd5+ 22. Bg2 Bc4 23. Qe1 Bxf1 24. Bxf1 Qxc2 25. Rxd8 Rxd8 26. Qxe5 Bf6 27. Qe2 Qb3 28. Bd2 Qd5+ 0-1

[Event "Teplice op 3rd"]
[Site "Teplice"]
[Date "2008.06.22"]
[Round "9"]
[White "Kastner, Jan"]
[Black "Steinhauser, Frantisek"]
[Result "0-1"]
[WhiteElo "1743"]
[BlackElo "1971"]
[PlyCount "50"]
[EventDate "2008.06.14"]
[EventType "swiss"]
[EventRounds "9"]
[EventCountry "CZE"]
[SourceTitle "CBM 125 Extra"]
[Source "ChessBase"]
[SourceDate "2008.09.01"]
[SourceVersion "1"]
[SourceVersionDate "2008.09.01"]
[SourceQuality "1"]

1. e4 c5 2. Nc3 Nc6 3. Nf3 Nf6 4. d3 d6 5. Be2 g6 6. Be3 Bg7 7. a3 Ng4 8. h3 Nxe3 9. fxe3 0-0 10. Kd2 Qa5 11. h4 h6 12. Nh2 Be6 13. g4 b5 14. g5 h5 15. Bxh5 gxh5 16. Qxh5 b4 17. axb4 Qxb4 18. Rab1 Ba2 19. Ng4 Ne5 20. Nh6+ Bxh6 21. Qxh6 Bxb1 22. g6 fxg6 23. h5 Qxb2 24. Rxb1 Rf2+ 25. Ne2 Nf3+ 0-1

[Event "Teplice op 3rd"]
[Site "Teplice"]
[Date "2008.06.18"]
[Round "5"]
[White "Danes, Jaroslav"]
[Black "Steinhauser, Frantisek"]
[Result "1-0"]
[WhiteElo "2202"]
[BlackElo "1971"]
[PlyCount "75"]
[EventDate "2008.06.14"]
[EventType "swiss"]
[EventRounds "9"]
[EventCountry "CZE"]
[SourceTitle "CBM 125 Extra"]
[Source "ChessBase"]
[SourceDate "2008.09.01"]
[SourceVersion "1"]
[SourceVersionDate "2008.09.01"]
[SourceQuality "1"]

1. d4 d5 2. c4 c6 3. Nf3 Nf6 4. e3 Bf5 5. Nc3 e6 6. Nh4 Bg6 7. Nxg6 hxg6 8. g3 Nbd7 9. Qe2 Bb4 10. Bd2 Bxc3 11. Bxc3 Ne4 12. Rc1 Rc8 13. Bg2 Ndf6 14. a3 a5 15. 0-0 0-0 16. Rfd1 Nxc3 17. Rxc3 Qb6 18. Qc2 Rc7 19. Rb1 Rfc8 20. b4 Qa7 21. cxd5 Nxd5 22. Rc4 b6 23. e4 Ne7 24. Rc1 axb4 25. axb4 Rd8 26. b5 Qa5 27. Rb1 Rdc8 28. d5 exd5 29. exd5 Rd7 30. dxc6 Rd2 31. Qa4 Ra2 32. Qxa5 Rxa5 33. Rd4 Rc7 34. Rd7 Raa7 35. Rbd1 Nf5 36. Rxc7 Rxc7 37. Rd7 Rc8 38. c7 1-0

[Event "Teplice op 3rd"]
[Site "Teplice"]
[Date "2008.06.15"]
[Round "2"]
[White "Steinhauser, Frantisek"]
[Black "Horak, Jiri"]
[Result "0-1"]
[WhiteElo "1971"]
[BlackElo "2205"]
[PlyCount "52"]
[EventDate "2008.06.14"]
[EventType "swiss"]
[EventRounds "9"]
[EventCountry "CZE"]
[SourceTitle "CBM 125 Extra"]
[Source "ChessBase"]
[SourceDate "2008.09.01"]
[SourceVersion "1"]
[SourceVersionDate "2008.09.01"]
[SourceQuality "1"]

1. e4 e5 2. Nf3 Nc6 3. Bc4 Be7 4. c3 Nf6 5. d3 0-0 6. 0-0 d5 7. exd5 Nxd5 8. Re1 Bf6 9. Nbd2 Nb6 10. Bb5 Qd5 11. Qb3 Bf5 12. Ne4 Bxe4 13. Rxe4 Rad8 14. Be3 Ne7 15. Qxd5 Rxd5 16. c4 Rxd3 17. Nxe5 Bxe5 18. Rxe5 Ng6 19. Rg5 Rfd8 20. Kf1 Rd1+ 21. Rxd1 Rxd1+ 22. Ke2 Rb1 23. Bd4 Nf4+ 24. Kf3 Ne6 25. Rg4 f5 26. Rh4 g5 0-1

[Event "Teplice op 3rd"]
[Site "Teplice"]
[Date "2008.06.14"]
[Round "1"]
[White "Spirin, Oleg"]
[Black "Steinhauser, Frantisek"]
[Result "1/2-1/2"]
[WhiteElo "2430"]
[BlackElo "1971"]
[PlyCount "128"]
[EventDate "2008.06.14"]
[EventType "swiss"]
[EventRounds "9"]
[EventCountry "CZE"]
[SourceTitle "CBM 125 Extra"]
[Source "ChessBase"]
[SourceDate "2008.09.01"]
[SourceVersion "1"]
[SourceVersionDate "2008.09.01"]
[SourceQuality "1"]

1. d4 d5 2. c4 c6 3. Nf3 Bf5 4. cxd5 cxd5 5. Qb3 Qc7 6. Nc3 e6 7. Nh4 Ne7 8. Nb5 Qb6 9. Bf4 Bc2 10. Qxc2 Qxb5 11. e3 Qb4+ 12. Qd2 Nc8 13. Nf3 Qxd2+ 14. Kxd2 Bb4+ 15. Kd1 Bd6 16. Rc1 Ke7 17. Bg3 Nd7 18. Bd3 Bxg3 19. hxg3 Nd6 20. g4 h6 21. Ke2 Rac8 22. Rxc8 Rxc8 23. g5 hxg5 24. Nxg5 Nf6 25. f3 a6 26. Nh3 Nc4 27. b3 Na5 28. Kd2 Ne8 29. Nf4 Nc6 30. Rh7 g5 31. Nh3 Nf6 32. Rg7 g4 33. Ng5 Nd8 34. Nh7 Nxh7 35. Rxh7 gxf3 36. gxf3 Nc6 37. Bg6 Rf8 38. Bh5 Nb8 39. e4 Nd7 40. e5 Nb8 41. f4 Nc6 42. Kc3 Nd8 43. Bg4 Rg8 44. Rh4 Kd7 45. f5 Rg7 46. Kb4 Kc7 47. f6 Rg8 48. Kc3 Kd7 49. Kd3 Nc6 50. a3 Na5 51. Kc3 Nc6 52. b4 b6 53. Kd3 b5 54. Ke3 a5 55. bxa5 Nxa5 56. Be2 Nc4+ 57. Bxc4 bxc4 58. Rh7 Rf8 59. Kd2 Kc6 60. Kc3 Kb5 61. Rh1 Rc8 62. Rb1+ Ka6 63. Rh1 Kb5 64. Rb1+ Ka6 1/2-1/2

[Event "Brno Trade op"]
[Site "Brno"]
[Date "2006.08.30"]
[Round "4"]
[White "Bures, Vit"]
[Black "Steinhauser, Frantisek"]
[Result "1-0"]
[WhiteElo "2209"]
[BlackElo "1924"]
[PlyCount "61"]
[EventDate "2006.08.27"]
[EventType "swiss"]
[EventRounds "9"]
[EventCountry "CZE"]
[SourceTitle "EXT 2007"]
[Source "ChessBase"]
[SourceDate "2006.11.23"]
[SourceVersion "1"]
[SourceVersionDate "2006.11.23"]
[SourceQuality "1"]

1. e4 c5 2. Nf3 d6 3. d4 cxd4 4. Nxd4 Nf6 5. Nc3 g6 6. Be3 Bg7 7. f3 Nc6 8. Qd2 0-0 9. Bc4 Bd7 10. 0-0-0 Rc8 11. Bb3 Ne5 12. Kb1 Nc4 13. Bxc4 Rxc4 14. g4 b5 15. b3 Rc5 16. Ne6 fxe6 17. Bxc5 dxc5 18. e5 Qb8 19. exf6 Bxf6 20. Qxd7 Bxc3 21. Qxe7 Bg7 22. Rhe1 Kh8 23. Qxe6 a5 24. Qd6 Qa8 25. Qd5 Qa6 26. Re6 Qc8 27. Rd6 Bf6 28. g5 Bd4 29. Rxd4 cxd4 30. Qxd4+ Kg8 31. Rd7 1-0

[Event "CZE-ch U16"]
[Site "Zlate Hory"]
[Date "2006.08.13"]
[Round "1"]
[White "Steinhauser, Frantisek"]
[Black "Ponizil, Cyril"]
[Result "0-1"]
[WhiteElo "1835"]
[BlackElo "2181"]
[PlyCount "78"]
[EventDate "2006.03.11"]
[EventType "swiss"]
[EventRounds "9"]
[EventCountry "CZE"]
[SourceTitle "EXT 2008"]
[Source "ChessBase"]
[SourceDate "2007.11.25"]
[SourceVersion "1"]
[SourceVersionDate "2007.11.25"]
[SourceQuality "1"]

1. e4 c5 2. Nf3 Nc6 3. d4 cxd4 4. Nxd4 Nf6 5. Nc3 e5 6. Ndb5 d6 7. Bg5 a6 8. Na3 b5 9. Bxf6 gxf6 10. Nd5 f5 11. Bd3 Be6 12. c3 Bxd5 13. exd5 Ne7 14. Nxb5 Bg7 15. Na3 0-0 16. 0-0 e4 17. Bc4 Ng6 18. Nc2 Qg5 19. Kh1 Kh8 20. Ne3 f4 21. Qg4 Qxg4 22. Nxg4 f5 23. Ne3 fxe3 24. fxe3 Ne5 25. Be2 Bh6 26. Rae1 Bxe3 27. Bxa6 Rxa6 28. Rxe3 Rxa2 29. b4 Ng4 30. Rg3 e3 31. h3 Nf2+ 32. Kg1 f4 33. Rf3 Rc2 34. g3 Rg8 35. g4 h5 36. Kg2 hxg4 37. hxg4 Rxg4+ 38. Kh2 Rh4+ 39. Kg2 Nh1+ 0-1

[Event "CZE-ch U16"]
[Site "Zlate Hory"]
[Date "2006.03.16"]
[Round "7"]
[White "Steinhauser, Frantisek"]
[Black "Roubalik, Jakub"]
[Result "0-1"]
[WhiteElo "1835"]
[BlackElo "2011"]
[PlyCount "98"]
[EventDate "2006.03.11"]
[EventType "swiss"]
[EventRounds "9"]
[EventCountry "CZE"]
[SourceTitle "EXT 2008"]
[Source "ChessBase"]
[SourceDate "2007.11.25"]
[SourceVersion "1"]
[SourceVersionDate "2007.11.25"]
[SourceQuality "1"]

1. e4 c5 2. Nf3 Nc6 3. d4 cxd4 4. Nxd4 e5 5. Nb5 d6 6. c4 Be7 7. N1c3 a6 8. Na3 Be6 9. Nd5 Nf6 10. Be3 Rc8 11. Bd3 0-0 12. 0-0 Nd7 13. Qd2 Nc5 14. Bc2 a5 15. Rad1 Bxd5 16. Bxc5 dxc5 17. exd5 Nd4 18. Ba4 f5 19. f3 Bg5 20. Qe1 Qf6 21. Kh1 Qh6 22. g3 Be3 23. Nc2 f4 24. g4 Qh3 25. Nxd4 cxd4 26. Bb5 e4 27. Qe2 d3 28. Qg2 Qxg2+ 29. Kxg2 exf3+ 30. Kxf3 d2 31. b3 Rfd8 32. a4 Kf8 33. Ke4 Rd6 34. Rf3 Rh6 35. h3 Ke7 36. Kd3 Kd6 37. Kc3 Rd8 38. Rdf1 Ke5 39. Kd3 Rh4 40. Rh1 h5 41. gxh5 Rxh5 42. Rff1 g5 43. Rd1 Rh4 44. Rdf1 Kd6 45. Kc2 Rdh8 46. Rh2 g4 47. Rg2 g3 48. Rxg3 fxg3 49. Rf6+ Kc5 0-1

[Event "CZE-ch U16"]
[Site "Zlate Hory"]
[Date "2006.03.14"]
[Round "5"]
[White "Bohm, Tomas"]
[Black "Steinhauser, Frantisek"]
[Result "0-1"]
[WhiteElo "1855"]
[BlackElo "1835"]
[PlyCount "78"]
[EventDate "2006.03.11"]
[EventType "swiss"]
[EventRounds "9"]
[EventCountry "CZE"]
[SourceTitle "EXT 2008"]
[Source "ChessBase"]
[SourceDate "2007.11.25"]
[SourceVersion "1"]
[SourceVersionDate "2007.11.25"]
[SourceQuality "1"]

1. e4 d5 2. exd5 Qxd5 3. Nc3 Qa5 4. d4 c6 5. Nf3 Nf6 6. h3 Bf5 7. Bd2 e6 8. Ne5 Qb6 9. g4 Bg6 10. Nxg6 hxg6 11. Bg2 Qxd4 12. 0-0 Bd6 13. Re1 Bc5 14. Qe2 Nbd7 15. Bg5 0-0-0 16. Be3 Qe5 17. Qf3 Bxe3 18. Rxe3 Qc5 19. Rd1 Nb6 20. Red3 Rxd3 21. Rxd3 Nc4 22. Ne4 Qe5 23. b3 Nxe4 24. bxc4 Ng5 25. Qe3 Qxe3 26. Rxe3 Nh7 27. f4 Nf6 28. Kf1 Nd7 29. Ke2 Kc7 30. Kf3 Nc5 31. Kg3 Rd8 32. Bf3 Rd2 33. Re2 Rd4 34. Re5 Rxc4 35. h4 Rxc2 36. h5 Nd7 37. Re1 gxh5 38. gxh5 Nf6 39. Re5 Rc3 0-1

[Event "CZE-ch U16"]
[Site "Zlate Hory"]
[Date "2006.03.14"]
[Round "4"]
[White "Horak, Karel Jr"]
[Black "Steinhauser, Frantisek"]
[Result "1-0"]
[WhiteElo "1905"]
[BlackElo "1835"]
[PlyCount "51"]
[EventDate "2006.03.11"]
[EventType "swiss"]
[EventRounds "9"]
[EventCountry "CZE"]
[SourceTitle "EXT 2008"]
[Source "ChessBase"]
[SourceDate "2007.11.25"]
[SourceVersion "1"]
[SourceVersionDate "2007.11.25"]
[SourceQuality "1"]

1. e4 d5 2. exd5 Qxd5 3. Nc3 Qa5 4. d4 c6 5. Nf3 Nf6 6. Bd2 Bf5 7. Bc4 e6 8. 0-0 Nbd7 9. Re1 Bb4 10. a3 Bxc3 11. Bxc3 Qb6 12. Nh4 Bg4 13. Qd3 Nd5 14. Qg3 h5 15. h3 g5 16. hxg4 gxh4 17. Qxh4 N7f6 18. g5 Nxc3 19. bxc3 Nd5 20. g6 Rh6 21. Bxd5 cxd5 22. Qf6 Kd7 23. Qxf7+ Kc8 24. Qf8+ Kd7 25. Qg7+ Kd6 26. Qxh6 1-0

[Event "CZE-ch U16"]
[Site "Sec u Chrudimi"]
[Date "2005.10.25"]
[Round "4"]
[White "Steinhauser, Frantisek"]
[Black "Sirota, Sergej"]
[Result "1/2-1/2"]
[WhiteElo "1793"]
[BlackElo "1754"]
[PlyCount "45"]
[EventDate "2005.10.22"]
[EventType "swiss"]
[EventRounds "9"]
[EventCountry "CZE"]
[SourceTitle "EXT 2008"]
[Source "ChessBase"]
[SourceDate "2007.11.25"]
[SourceVersion "1"]
[SourceVersionDate "2007.11.25"]
[SourceQuality "1"]

1. e4 c6 2. d4 d5 3. exd5 cxd5 4. c4 Nf6 5. Nc3 Nc6 6. Nf3 e6 7. Bd3 dxc4 8. Bxc4 a6 9. a3 Qc7 10. Bd3 Be7 11. 0-0 0-0 12. Bc2 Rd8 13. Qd3 Nxd4 14. Nxd4 e5 15. Ndb5 axb5 16. Qxb5 Be6 17. Be3 Bc4 18. Bb6 Bxb5 19. Bxc7 Bxf1 20. Bxd8 Rxd8 21. Kxf1 Rd2 22. Rc1 g6 23. Ke1 1/2-1/2

[Event "CZE-ch U16"]
[Site "Sec u Chrudimi"]
[Date "2005.10.25"]
[Round "5"]
[White "Zanikov, Konstantin"]
[Black "Steinhauser, Frantisek"]
[Result "1-0"]
[WhiteElo "1552"]
[BlackElo "1793"]
[PlyCount "111"]
[EventDate "2005.10.22"]
[EventType "swiss"]
[EventRounds "9"]
[EventCountry "CZE"]
[SourceTitle "EXT 2008"]
[Source "ChessBase"]
[SourceDate "2007.11.25"]
[SourceVersion "1"]
[SourceVersionDate "2007.11.25"]
[SourceQuality "1"]

1. e4 c5 2. Nf3 Nc6 3. d4 cxd4 4. Nxd4 g6 5. Nxc6 dxc6 6. Qxd8+ Kxd8 7. Bd2 Bg7 8. Nc3 Be6 9. 0-0-0 Kc8 10. Bd3 Nf6 11. h3 Nd7 12. f4 Nc5 13. a3 Nxd3+ 14. cxd3 Bb3 15. Rde1 Rd8 16. Re3 Bd4 17. Rf3 Kc7 18. Ne2 Bc5 19. Bc3 f5 20. exf5 gxf5 21. Be5+ Kb6 22. d4 Bd5 23. dxc5+ Kxc5 24. Rc3+ Kb6 25. Rg1 Rg8 26. Rg3 e6 27. Rxg8 Rxg8 28. g3 h5 29. Nc3 Bf3 30. Bf6 Kc5 31. Kd2 Kc4 32. Ke3 Bd5 33. Nxd5 exd5 34. Rc1+ Kb3 35. Kf3 Rg6 36. Be5 b6 37. Rc3+ Ka4 38. Rd3 Kb5 39. Rd1 Kc4 40. Rg1 d4 41. g4 Kd5 42. g5 h4 43. Rd1 c5 44. b3 b5 45. b4 Ra6 46. Ke2 Rxa3 47. g6 Rg3 48. g7 cxb4 49. Rxd4+ Kc5 50. Rd8 b3 51. g8Q Rxg8 52. Rxg8 Kb4 53. Bb2 a5 54. Kd3 a4 55. Ra8 Kc5 56. Ba3+ 1-0

[Event "Strmilov op"]
[Site "Strmilov"]
[Date "2004.05.08"]
[Round "7"]
[White "Steinhauser, Frantisek"]
[Black "Volf, Miloslav"]
[Result "0-1"]
[WhiteElo "1775"]
[BlackElo "1475"]
[PlyCount "55"]
[EventDate "2004.05.05"]
[EventType "swiss"]
[EventRounds "9"]
[EventCountry "CZE"]
[SourceTitle "EXT 2006"]
[Source "ChessBase"]
[SourceDate "2005.11.24"]
[SourceVersion "1"]
[SourceVersionDate "2005.11.24"]
[SourceQuality "1"]

1. e4 c5 2. Nf3 d6 3. d4 cxd4 4. Nxd4 Nf6 5. Nc3 a6 6. Bc4 g6 7. f3 Bg7 8. Be3 0-0 9. Qd2 Re8 10. 0-0-0 Nc6 11. h4 Na5 12. Bb3 Nxb3+ 13. cxb3 e5 14. Nde2 Be6 15. g4 d5 16. exd5 Bd7 17. Kb1 e4 18. Nxe4 Nxe4 19. fxe4 Rxe4 20. h5 Bxg4 21. hxg6 fxg6 22. Rdg1 Bxe2 23. Qxe2 Qxd5 24. Rd1 Qe5 25. Rd3 Re8 26. Rh3 g5 27. Qf2 Rf8 28. Qg1 0-1

[Event "Strmilov op"]
[Site "Strmilov"]
[Date "2004.05.07"]
[Round "5"]
[White "Janecek, Josef"]
[Black "Steinhauser, Frantisek"]
[Result "1/2-1/2"]
[WhiteElo "2099"]
[BlackElo "1775"]
[PlyCount "106"]
[EventDate "2004.05.05"]
[EventType "swiss"]
[EventRounds "9"]
[EventCountry "CZE"]
[SourceTitle "EXT 2006"]
[Source "ChessBase"]
[SourceDate "2005.11.24"]
[SourceVersion "1"]
[SourceVersionDate "2005.11.24"]
[SourceQuality "1"]

1. e4 c5 2. Nf3 d6 3. d4 cxd4 4. Nxd4 Nf6 5. Nc3 g6 6. Be3 Bg7 7. f3 0-0 8. Qd2 Nc6 9. Bc4 Bd7 10. 0-0-0 Rc8 11. Bb3 Ne5 12. h4 h5 13. Bh6 Bxh6 14. Qxh6 Qa5 15. Nde2 Nc4 16. Nd5 Nxd5 17. Rxd5 Qb6 18. Bxc4 Rxc4 19. Nc3 Be6 20. Rd3 d5 21. Nxd5 Bxd5 22. exd5 Rfc8 23. c3 Qa6 24. a3 Rxh4 25. Rxh4 Qxd3 26. Qd2 Qb5 27. Re4 Qc5 28. Qd4 Qd6 29. Qe5 Qc5 30. Rd4 b5 31. f4 f6 32. Qe6+ Kg7 33. Kb1 Re8 34. Qd7 Qc8 35. Qxb5 e5 36. fxe5 Qf5+ 37. Qd3 Qxe5 38. d6 Kf7 39. Qc4+ Kf8 40. d7 Rd8 41. Qc6 Qf5+ 42. Ka2 Ke7 43. Re4+ Kf7 44. Rd4 Qe6+ 45. Qd5 Rxd7 46. Qxe6+ Kxe6 47. Rxd7 Kxd7 48. Kb3 f5 49. Kc4 f4 50. Kd4 g5 51. Ke4 h4 52. b4 Kc6 53. c4 Kb6 1/2-1/2

[Event "Strmilov op"]
[Site "Strmilov"]
[Date "2004.05.05"]
[Round "1"]
[White "Gross, David"]
[Black "Steinhauser, Frantisek"]
[Result "1-0"]
[WhiteElo "2413"]
[BlackElo "1775"]
[PlyCount "45"]
[EventDate "2004.05.05"]
[EventType "swiss"]
[EventRounds "9"]
[EventCountry "CZE"]
[SourceTitle "EXT 2006"]
[Source "ChessBase"]
[SourceDate "2005.11.24"]
[SourceVersion "1"]
[SourceVersionDate "2005.11.24"]
[SourceQuality "1"]

1. e4 c5 2. Nf3 d6 3. d4 cxd4 4. Nxd4 Nf6 5. Nc3 g6 6. Be3 Bg7 7. f3 0-0 8. Qd2 Nc6 9. 0-0-0 d5 10. exd5 Nxd5 11. Nxc6 bxc6 12. Nxd5 cxd5 13. Bh6 Bf5 14. g4 Be6 15. h4 Qb6 16. Bxg7 Kxg7 17. h5 Rh8 18. g5 Rhc8 19. Bd3 Rab8 20. b3 Qd4 21. Kb1 Qc3 22. Qh2 Rh8 23. h6+ 1-0

[Event "Plzen op-A 10th"]
[Site "Plzen"]
[Date "2004.??.??"]
[Round "1"]
[White "Gutdeutsch, Otto"]
[Black "Steinhauser, Frantisek"]
[Result "1/2-1/2"]
[WhiteElo "2115"]
[BlackElo "1775"]
[PlyCount "40"]
[EventDate "2004.08.??"]
[EventType "swiss"]
[EventRounds "9"]
[EventCountry "CZE"]
[SourceTitle "EXT 2007"]
[Source "ChessBase"]
[SourceDate "2006.11.23"]
[SourceVersion "1"]
[SourceVersionDate "2006.11.23"]
[SourceQuality "1"]

1. e4 c5 2. Nf3 d6 3. d4 cxd4 4. Nxd4 Nf6 5. Nc3 g6 6. Be2 Bg7 7. Be3 0-0 8. 0-0 Nbd7 9. f4 Nc5 10. Bf3 e6 11. Kh1 Re8 12. Ndb5 Bf8 13. Qe1 d5 14. Rd1 a6 15. Qf2 Ncxe4 16. Bxe4 Nxe4 17. Nxe4 axb5 18. Bb6 Qe7 19. Bc5 Qd8 20. Bb6 Qe7 1/2-1/2

[Event "Plzen op-C 9th"]
[Site "Plzen"]
[Date "2003.??.??"]
[Round "5"]
[White "Hruby, Vaclav"]
[Black "Steinhauser, Frantisek"]
[Result "0-1"]
[WhiteElo "1874"]
[BlackElo "1709"]
[PlyCount "54"]
[EventDate "2003.08.??"]
[EventType "swiss"]
[EventRounds "9"]
[EventCountry "CZE"]
[SourceTitle "EXT 2005"]
[Source "ChessBase"]
[SourceDate "2004.11.15"]
[SourceVersion "1"]
[SourceVersionDate "2004.11.15"]
[SourceQuality "1"]

1. c4 Nf6 2. Nc3 g6 3. d4 Bg7 4. e4 d6 5. Nge2 0-0 6. Ng3 Nbd7 7. Be2 e5 8. d5 a5 9. 0-0 Nc5 10. h3 Bd7 11. Be3 b6 12. Qd2 c6 13. f3 cxd5 14. cxd5 Ne8 15. Bg5 f6 16. Bh6 f5 17. Bxg7 Kxg7 18. Bb5 f4 19. Nge2 h5 20. Bxd7 Qxd7 21. Rfc1 g5 22. Rc2 Nf6 23. Kf2 g4 24. hxg4 hxg4 25. Rh1 b5 26. Nb1 Nfxe4+ 27. fxe4 Nxe4+ 0-1